000 00348nam a2200145Ia 4500
008 191201s2009 xx 000 0 und d
082 _a659.2
_bRAP
100 _aRAYUDU,CS
245 0 _aPrinciples of Public Relations
250 _aRep
260 _aN.Delhi
_bHimalaya Publication House
_c2009
300 _a344
650 _aMBA
942 _2ddc
_cBK
999 _c4327
_d4327